Les pays que Phileas Fogg a visiter - Statistiques

Statistiques générales
  • Ce quiz a été pris 38 fois
    11 depuis la dernière actualisation
  • Le résultat moyen est 15 sur 19
Statistiques - réponses
Continents Pays % Correct
Europe Allemagne
100%
Europe Angleterre
100%
Asie Chine
100%
Afrique Egypte
100%
Amérique du Nord Etats - Unis
100%
Europe France
100%
Europe Italie
100%
Asie Japon
100%
Amérique du Nord Mexique
100%
Europe Belgique
86%
Europe Danemark
86%
Asie Inde
86%
Europe Irlande
71%
Europe Islande
71%
Afrique Djibouti
57%
Asie Yémen
57%
Asie Singapour
29%
Asie Hong kong
14%
Afrique Maurice
14%
Aucun quiz correspondant
Distribution des résultats
% des personnes avec chaque résultat
Percentile par nombre de réponses
Votre historique - résultats
Vous n’avez pas pris ce quiz depuis la dernière actualisation